Normal view
MARC view
- Mechatronics Engineering - MS Thesis
Entry Personal Name
001 - CONTROL NUMBER
- control field: 15674
003 - CONTROL NUMBER IDENTIFIER
- control field: NUST
005 - DATE AND TIME OF LATEST TRANSACTION
- control field: 20190627051929.0
008 - FIXED-LENGTH DATA ELEMENTS
- fixed length control field: 190627|| aca||aabn | a|a d
040 ## - CATALOGING SOURCE
- Original cataloging agency: NUST
- Transcribing agency: NUST
100 ## - HEADING--PERSONAL NAME
- Personal name: Mechatronics Engineering - MS Thesis
670 ## - SOURCE DATA FOUND
- Source citation: Work cat.: (NUST): Mohsin Manzoor 15673, Robot Motion Planning in Dynamic Pedestrian Environment Using PO/MDP Based Techniques /, 2016.
